Central Library OPAC University of Rajshahi

ফরিদ উদ্দিন আত্তার : (Record no. 86368)

MARC details
000 -LEADER
fixed length control field 00878nam a2200229 a 4500
001 - CONTROL NUMBER
control field 86368
003 - CONTROL NUMBER IDENTIFIER
rucl marc code BD-RjUL
005 - DATE AND TIME OF LATEST TRANSACTION
control field 20260416120144.0
008 - FIXED-LENGTH DATA ELEMENTS--GENERAL INFORMATION
fixed length control field 260416s2019 bg ||||| |||| 00| 0 ben d
020 ## - INTERNATIONAL STANDARD BOOK NUMBER
International Standard Book Number 9789849409618
035 ## - SYSTEM CONTROL NUMBER
System control number (BD-RjUL)86368
040 ## - CATALOGING SOURCE
Original cataloging agency BD-RjUL
Language of cataloging eng
Transcribing agency BD-RjUL
041 ## - LANGUAGE CODE
Language code of text/sound track or separate title ben
082 ## - DEWEY DECIMAL CLASSIFICATION NUMBER
Edition number 23
Classification number 891.551
Author mark and year UDF 2019
100 ## - MAIN ENTRY--PERSONAL NAME
Personal name উদ্দিন, মো. কামাল
245 ## - TITLE STATEMENT
Title ফরিদ উদ্দিন আত্তার :
Remainder of title কাব্য ও সুফি দর্শন /
Statement of responsibility, etc. মো. কামাল উদ্দিন
260 ## - PUBLICATION, DISTRIBUTION, ETC. (IMPRINT)
Place of publication, distribution, etc. রাজশাহী :
Name of publisher, distributor, etc. পরিলেখ প্রকাশনী,
Date of publication, distribution, etc. ২০১৯
300 ## - PHYSICAL DESCRIPTION
Pagination ২২২ পৃৃ.;
Size ২২ সেমি.
650 ## - SUBJECT ADDED ENTRY--TOPICAL TERM
Topical term or geographic name as entry element পারস্য সাহিত্য
General subdivision কবিতা
9 (RLIN) 18140
Topical term or geographic name as entry element Persian literature
General subdivision Poetry
9 (RLIN) 18141
942 ## - ADDED ENTRY ELEMENTS (KOHA)
Source of classification or shelving scheme Dewey Decimal Classification
Koha item type Books
Holdings
Lost status Source of classification or shelving scheme Damaged status Not for loan Collection code Permanent Location Current Location Shelving location Date acquired Source of acquisition Cost, normal purchase price Total Checkouts Full call number Date last seen Copy number Koha item type
  Dewey Decimal Classification   Not For Loan Non-fiction Central Library, University of Rajshahi Central Library, University of Rajshahi Reading Room 09/04/2026 Tahmina Begum, Persian Language and Literature,R.U. 210.00   B 891.551 UDF 2019 16/04/2026 C-1 Books
  Dewey Decimal Classification     Non-fiction Central Library, University of Rajshahi Central Library, University of Rajshahi General Stacks 09/04/2026 Tahmina Begum, Persian Language and Literature,R.U. 210.00   B 891.551 UDF 2019 16/04/2026 C-2 Books
  Dewey Decimal Classification     Non-fiction Central Library, University of Rajshahi Central Library, University of Rajshahi General Stacks 09/04/2026 Tahmina Begum, Persian Language and Literature,R.U. 210.00   B 891.551 UDF 2019 16/04/2026 C-3 Books